000
00205 a2200097 4500
001
26737
100
_a
Toboldt
245
_a
Automotive encyclopedia
260
_a
_b
Wilcox co
_c
1977
090
_c
17983
_d
17983
942
_a
NUST-CAE
_c
M
_c
8872
999
_c
261810
_d
261810